| 000 | 00645cab a2200217 4500 | ||
|---|---|---|---|
| 001 | ABS54111 | ||
| 008 | 090401t1995 xxu||||| |||| 00| 0 eng d | ||
| 035 | _a(Sirsi) u8603 | ||
| 041 | _aeng | ||
| 100 | _aBabbage, T. | ||
| 245 | 2 | _aA vision for Whitehaven | |
| 260 | _c1995 | ||
| 350 | _a0 | ||
| 490 |
_aHousing and Planning Review _v50(5) October/November 1995, 24-25(2) |
||
| 520 | _aExamines the pros and cons of the Single Regeneration Budget and how the SRB is to be applied to Whitehaven. | ||
| 650 | _aSINGLE REGENERATION BUDGET | ||
| 650 | _aURBAN REGENERATION | ||
| 690 | _aURBAN RENEWAL | ||
| 942 | _n0 | ||
| 948 | _c04/03/1997 | ||
| 999 |
_c5325 _d5325 |
||